| 000 | 00565nam a2200241Ia 4500 | ||
|---|---|---|---|
| 008 | 210210b2012 xxu||||| |||| 00| 0 eng d | ||
| 020 | _a9780763778903 | ||
| 041 | _aeng | ||
| 082 | _a363.73 FRIE | ||
| 100 | _aFRIIS (Robert H) | ||
| 245 | _aEssentials of environmental health Ed 2 | ||
| 250 | _a | ||
| 260 |
_aSudbury _bJones & Bartlett _c2012 |
||
| 300 | _axxvi,442 | ||
| 650 | _aof | ||
| 650 | _ahealth | ||
| 650 | _aEssentials | ||
| 650 | _aenvironmental | ||
| 650 | _aEd | ||
| 650 | _a2 | ||
| 690 | _aEnvironmental Pollution | ||
| 906 | _a067778 | ||
| 999 |
_c151624 _d151624 |
||